<?xml version="1.0" encoding="UTF-8"?>
<marc:record xmlns:marc="http://www.loc.gov/MARC21/slim">
   <marc:leader>00000nam a2200000 a 4500</marc:leader>
   <marc:datafield ind1="1" ind2=" " tag="100">
      <marc:subfield code="a">Hasler, Eveline</marc:subfield>
      <marc:subfield code="4">aut</marc:subfield>
      <marc:subfield code="e">Verfasser/-in</marc:subfield>
   </marc:datafield>
   <marc:datafield ind1="0" ind2="0" tag="245">
      <marc:subfield code="a">Ibicaba</marc:subfield>
   </marc:datafield>
   <marc:datafield ind1="0" ind2="0" tag="245">
      <marc:subfield code="b">Die Neuauflage zum 40. Jubiläum | Eine Auswanderungsgeschichte nach Brasilien</marc:subfield>
   </marc:datafield>
   <marc:datafield ind1="0" ind2="0" tag="245">
      <marc:subfield code="c">Eveline Hasler</marc:subfield>
   </marc:datafield>
   <marc:datafield ind1=" " ind2="1" tag="264">
      <marc:subfield code="a">Hamburg</marc:subfield>
      <marc:subfield code="b">Nagel &amp; Kimche</marc:subfield>
      <marc:subfield code="c">2025</marc:subfield>
   </marc:datafield>
   <marc:datafield ind1=" " ind2=" " tag="250">
      <marc:subfield code="a">1. Auflage</marc:subfield>
   </marc:datafield>
   <marc:datafield ind1="1" ind2=" " tag="520">
      <marc:subfield code="a">Im Hungerjahr 1855, als die Kartoffeln im Boden verfaulen und die einheimische Textilindustrie unter dem Druck der englischen Konkurrenz leidet, wandert eine Gruppe von 265 Menschen gemeinsam nach Brasilien aus. Aus Zürich, dem Aargau, Graubünden und dem Glarnerland brechen sie auf, um im vermeintlichen Paradies eine neue Heimat zu finden. Aufrüttelnd und spannend erzählt der Roman ein Stück unbekannter Auswanderungsgeschichte. fand. Auf Ibicaba befanden sich auch deutsche Auswanderer, die meist aus Thüringen stammten. Solidarisch mit Thomas Davatz, brachten sie seine Klagebriefe an die schweizerischen Behörden auf weit entfernte Poststellen, die von den Herren aus Ibicaba nicht überwacht wurden. So erfuhr man in Europa über die Zustände in Brasilien. Bildhaft bis ins Detail berichtet Hasler von Hunger und Elend, die nur wenige Generationen zurückliegen, aber auch von Utopien, die diesen Menschen Kraft gaben.</marc:subfield>
   </marc:datafield>
   <marc:datafield ind1=" " ind2=" " tag="020">
      <marc:subfield code="a">9783312013883</marc:subfield>
      <marc:subfield code="9">9783312013883</marc:subfield>
   </marc:datafield>
   <marc:datafield ind1=" " ind2=" " tag="041">
      <marc:subfield code="a">ger</marc:subfield>
   </marc:datafield>
   <marc:datafield ind1="1" ind2=" " tag="521">
      <marc:subfield code="a">12</marc:subfield>
   </marc:datafield>
   <marc:datafield ind1=" " ind2=" " tag="300">
      <marc:subfield code="a">320 Seiten</marc:subfield>
   </marc:datafield>
</marc:record>
